000 00651cam a22002411 4500
001 18659
003 BD-RjUL
005 20211209000321.0
008 140222r19671960pau 000 1 eng
035 _a(BD-RjUL)18717
035 _a(OCoLC)366861
040 _aDLC
_cODaWU
_dOCoLC
_dDLC
_dBD-RjUL
_beng
041 _aeng
082 _a823.9
_bSPB
100 1 _aSpark, Muriel.
_956711
245 1 4 _aThe bachelors /
_cMurial Spark
260 _aPhiladelphia :
_bLippincott,
_cc1960 [reprinted 1967]
300 _a219 p. ;
_c21 cm.
650 _vBachelores
_957464
942 _2ddc
_cBK
999 _c18659
_d18659